Gare sur la ligne Metz-Strasbourg - Statistiques

Statistiques générales
  • Ce quiz a été pris 40 fois
  • Le résultat moyen est 5 sur 10
Statistiques - réponses
Réponse % Correct
Strasbourg
84%
Saverne
81%
Brumath
62%
Sarrebourg
59%
Morhange
54%
Réding
49%
Metz-Ville
43%
Lutzelbourg
38%
Remilly
35%
Peltre
27%
Aucun quiz correspondant
Distribution des résultats
% des personnes avec chaque résultat
Percentile par nombre de réponses
Votre historique - résultats
Vous n’avez pas pris ce quiz